Ju jiao Zhongguo zhi ke xue fa zhan. Fa zhan gai ge juan : di tan fa zhan /
Saved in:
| Corporate Authors: | , |
|---|---|
| Format: | Book |
| Language: | Chinese |
| Published: |
Beijing :
Wu zhou zhuan bo chu ban she,
2012.
|
| Edition: | Di 1 ban. |
| Subjects: | |
| Tags: |
Add Tag
No Tags, Be the first to tag this record!
|
| LEADER | 01893cam a2200433Ii 4500 | ||
|---|---|---|---|
| 001 | 014200819-2 | ||
| 005 | 20151201113032.0 | ||
| 008 | 140203s2012 cc a 000 0 chi d | ||
| 020 | |a 7508523687 | ||
| 020 | |a 9787508523682 | ||
| 035 | 0 | |a ocn869759734 | |
| 040 | |a HKP |b eng |e rda |c HMY |d HMY | ||
| 043 | |a a-cc--- | ||
| 050 | 4 | |a TD885.5.C3 |b D427 2012 | |
| 245 | 0 | 0 | |6 880-01 |a Ju jiao Zhongguo zhi ke xue fa zhan. |p Fa zhan gai ge juan : di tan fa zhan / |c jian zhi: Zhonghua Renmin Gongheguo guo wu yuan xin wen ban gong shi, Zhonghua Renmin Gongheguo guo jia fa zhan he gai ge wei yuan hui. |
| 246 | 3 | 0 | |6 880-02 |a Fa zhan gai ge juan : di tan fa zhan |
| 246 | 3 | 0 | |6 880-03 |a Di tan fa zhan |
| 250 | |6 880-04 |a Di 1 ban. | ||
| 264 | 1 | |6 880-05 |a Beijing : |b Wu zhou zhuan bo chu ban she, |c 2012. | |
| 300 | |a 2, 123 pages : |b illustrations (some color) ; |c 24 cm | ||
| 336 | |a text |2 rdacontent | ||
| 337 | |a unmediated |2 rdamedia | ||
| 338 | |a volume |2 rdacarrier | ||
| 504 | |a Includes bibliographical references. | ||
| 650 | 0 | |a Carbon dioxide mitigation |z China. | |
| 650 | 0 | |a Carbon dioxide mitigation |x Government policy |z China. | |
| 650 | 0 | |a Carbon dioxide mitigation |x Economic aspects |z China. | |
| 710 | 1 | |6 880-06 |a China. |b Guo wu yuan. |b Xin wen ban gong shi. | |
| 710 | 1 | |6 880-07 |a China. |b Guo jia fa zhan he gai ge wei yuan hui. | |
| 880 | 0 | 0 | |6 245-01 |a 聚焦中国之科学发展. |p 发展改革卷 : 低碳发展 / |c 监制: 中华人民共和国国务院新闻办公室, 中华人民共和国国家发展和改革委员会. |
| 880 | 3 | 0 | |6 246-02 |a 发展改革卷 : 低碳发展 |
| 880 | 3 | 0 | |6 246-03 |a 低碳发展 |
| 880 | |6 250-04 |a 第1版. | ||
| 880 | 1 | |6 264-05 |a 北京 : |b 五洲传播出版社, |c 2012. | |
| 880 | 1 | |6 710-06 |a China. |b 国务院. |b 新闻办公室 | |
| 880 | 1 | |6 710-07 |a China. |b 国家发展和改革委员会. | |
| 988 | |a 20141003 | ||
| 049 | |a HMYY | ||
| 906 | |0 OCLC | ||


